000 00709nam a2200217 i 4500
001 C2-0296195
003 PPAK
005 20180728074554.0
008 090415s1982 io |||| ||||| | may d
040 _aPPAK
_beng
_cPPAK
_erda
082 0 4 _a351.00312
_223
090 0 0 _a351.00312
_bDJA
_dKIH
100 0 _araden hoesein djajadiningrat,
_eauthor
245 1 0 _aKesultanan aceh
_bSuatu pembahasan tenteng sejarah kesultanan aceh berdasarkan bahan-bahan yang terdapat dalam karya melayu
264 1 _aAceh, Indonesia :
_bMuseum negeri aceh ,
_c1982/1983
300 _a136 pages ;
_c23 cm
336 _2rdacontent
_atext
337 _2rdamedia
_aunmediated
338 _2rdacarrier
_avolume
942 _ddc
_cB
999 _c100663
_d100663